Stellungnahme des Deutschen Vereins zum Regierungsentwurf eines Gesetzes zur Neuordnung des Kinder- und Jugendhilferechts: (Kinder- und Jugendhilfegesetz - KJHG)
| Corporate Author: | |
|---|---|
| Format: | Print Book |
| Language: | German |
| Published: |
Frankfurt am Main
Eigenverl. d. Dt. Vereins für Öffentl. u. Private Fürsorge
1989
|
| In: |
Schriften allgemeinen Inhalts (2)
Year: 1989 |
| Availability in Tübingen: | Present in Tübingen. IFK: F III 334 |
| Check availability: | HBZ Gateway |
| Subito Delivery Service: | Order now. |
| Keywords: |
MARC
| LEADER | 00000cam a2200000 c 4500 | ||
|---|---|---|---|
| 001 | 272507385 | ||
| 003 | DE-627 | ||
| 005 | 20240329014045.0 | ||
| 007 | tu | ||
| 008 | 990101s1989 gw ||||| 00| ||ger c | ||
| 020 | |a 3170066528 |9 3-17-006652-8 | ||
| 035 | |a (DE-627)272507385 | ||
| 035 | |a (DE-576)020392664 | ||
| 035 | |a (DE-599)GBV272507385 | ||
| 035 | |a (OCoLC)75180062 | ||
| 035 | |a (OCoLC)75180062 | ||
| 040 | |a DE-627 |b ger |c DE-627 |e rakwb | ||
| 041 | |a ger | ||
| 044 | |c XA-DE | ||
| 084 | |a 19 |a 14 |2 sdnb | ||
| 084 | |a 86.80 |2 bkl | ||
| 110 | 2 | |a Deutscher Verein für Öffentliche und Private Fürsorge |0 (DE-588)2008628-3 |0 (DE-627)101626533 |0 (DE-576)191636479 |4 aut | |
| 245 | 1 | 0 | |a Stellungnahme des Deutschen Vereins zum Regierungsentwurf eines Gesetzes zur Neuordnung des Kinder- und Jugendhilferechts |b (Kinder- und Jugendhilfegesetz - KJHG) |c Deutscher Verein für Öffentliche und Private Fürsorge |
| 264 | 1 | |a Frankfurt am Main |b Eigenverl. d. Dt. Vereins für Öffentl. u. Private Fürsorge |c 1989 | |
| 300 | |a 108 S. |c 30 cm | ||
| 336 | |a Text |b txt |2 rdacontent | ||
| 337 | |a ohne Hilfsmittel zu benutzen |b n |2 rdamedia | ||
| 338 | |a Band |b nc |2 rdacarrier | ||
| 490 | 1 | |a Schriften allgemeinen Inhalts / Deutscher Verein für Öffentliche und Private Fürsorge |v 2 | |
| 583 | 1 | |a Archivierung prüfen |c 20240324 |f DE-4165 |z 1 |2 pdager | |
| 655 | 7 | |a Kommentar |0 (DE-588)4136710-8 |0 (DE-627)104500719 |0 (DE-576)209671467 |2 gnd-content | |
| 689 | 0 | 0 | |d u |0 (DE-588)4240290-6 |0 (DE-627)104687819 |0 (DE-576)210428384 |a Deutschland |t Kinder- und Jugendhilfegesetz |2 gnd |
| 689 | 0 | 1 | |d s |0 (DE-588)4121208-3 |0 (DE-627)104674849 |0 (DE-576)209541369 |a Entwurf |2 gnd |
| 689 | 0 | |5 DE-101 | |
| 689 | 1 | 0 | |d u |0 (DE-588)4240290-6 |0 (DE-627)104687819 |0 (DE-576)210428384 |a Deutschland |t Kinder- und Jugendhilfegesetz |2 gnd |
| 689 | 1 | |5 (DE-627) | |
| 810 | 2 | |a Deutscher Verein für Öffentliche und Private Fürsorge |t Schriften allgemeinen Inhalts |v 2 |9 200 |w (DE-627)170614476 |w (DE-576)008853568 |w (DE-600)1081534-X |7 am | |
| 889 | |w (DE-627)228206375 | ||
| 935 | |i Blocktest | ||
| 936 | b | k | |a 86.80 |j Jugendrecht |0 (DE-627)181572028 |
| 951 | |a BO | ||
| ELC | |b 1 | ||
| LOK | |0 000 xxxxxcx a22 zn 4500 | ||
| LOK | |0 001 3338073364 | ||
| LOK | |0 003 DE-627 | ||
| LOK | |0 004 272507385 | ||
| LOK | |0 005 20020607000000 | ||
| LOK | |0 008 930705||||||||||||||||ger||||||| | ||
| LOK | |0 040 |a DE-21-110 |c DE-627 |d DE-21-110 | ||
| LOK | |0 852 |a DE-21-110 | ||
| LOK | |0 852 1 |c F III 334 |m p |9 00 | ||
| LOK | |0 935 |a k110 | ||
| LOK | |0 936ln |a 5.5.1 | ||
| LOK | |0 938 |k p | ||
| LOK | |0 939 |a 05-07-93 |b l01 | ||
| ORI | |a SA-MARC-krimdoka001.raw | ||
| SIG | |a IFK: F III 334 | ||
